| 000 | 00771nam a2200265Ia 4500 | ||
|---|---|---|---|
| 005 | 20260121165840.0 | ||
| 008 | 008 260114s9999 xx 000 0 eng d | ||
| 020 | _a9783319285702 | ||
| 037 | _aEBOOK | ||
| 040 | _aCRL | ||
| 040 | _beng | ||
| 040 | _cCRL | ||
| 041 | _2eng | ||
| 041 | _aeng | ||
| 084 | _qCRL | ||
| 100 |
_aAfshin Amini, Samar Masoumi-Moghaddam, David L. Morris _91056784 |
||
| 245 | 0 | _aUtility of Bromelain and N-Acetylcysteine in Treatment of Peritoneal Dissemination of Gastrointestinal Mucin-Producing Malignancies | |
| 260 | _bSpringer | ||
| 260 | _bSpringer | ||
| 260 | _c2016 | ||
| 856 | _uhttps://link.springer.com/openurl?genre=book&isbn=978-3-319-28570-2 | ||
| 942 | _cEBOOK | ||
| 999 |
_c1622512 _d1622512 |
||